000 00597nam a2200193Ia 4500
005 20250508165227.0
008 008 250505s9999 xx 000 0 hin d
020 _a978-81-203-4350-4
037 _aReference
040 _aFEDL
_beng
_cFEDL
041 _ahin
_2eng
084 _a370.954, IND/RR
_qFEDL
245 0 _aShiksha aayog ki report 1964-66: Shiksha aur rashtriye vikas
245 0 _cIndia. Education, (Ministry of...)
260 _aDelhi, India
_bMinistry of Education
_c1968
300 _axxii, 791p.
942 _cREF
_h370.954, IND/RR
999 _c1393934
_d1393934